• 首页
  • 本馆介绍
  • 公告通知
  • 最新文献
  • 馆藏检索
  • 电子资源
  • 读者荐购
  • 参考咨询
  • CALIS
  • 我的图书馆
  • 登录
  • 详细信息显示
  • 放入我的书架
  • 预约/预借图书
  • 作者相关作品
  • 分类相关作品
  • 丛书相关作品
  • 出版社相关作品

书目信息

  • 表格格式
  • 工作单格式
  • 卡片格式
题名:
娜斯佳的眼泪
    
 
作者: 沃丁 著 ;庄亦男 译
分册:  
出版信息: 北京   新星出版社  2024.07
页数: 186页
开本: 21cm
丛书名:
单 册:
中图分类: I516.55
科图分类:
主题词: 纪实文学--德国--现代
电子资源:
ISBN: 978-7-5133-5650-3
 
 
 
 
 
000 00973nam0 2200265 450
001 013030346
005 20251022143009.66
010    @a978-7-5133-5650-3@b精装@dCNY52.00
100    @a20240719d2024 em y0chiy0120 ea
101 1  @achi@cger
102    @aCN@b110000
105    @ay z 000zy
106    @ar
200 1  @a娜斯佳的眼泪@9na si jia de yan lei@dNastjas Tranen@f(德)娜塔莎·沃丁(Natascha Wodin)著@g庄亦男译@zger
210    @a北京@c新星出版社@d2024.07
215    @a186页@d21cm
300    @a娜塔莎·沃丁作品系列
330    @a本书作者聚焦于一位来德的乌克兰女性,串联起无数东欧人在20世纪90年代前后的遭遇,讲述截然不同的两个世界缝隙与时代转折下,一个人的破碎与一代人的四散流离。
510 1  @aNastjas Tranen@zger
606 0  @a纪实文学@y德国@z现代
690    @aI516.55@v5
701  0 @c(德)@a沃丁@9wo ding@c(女,Wodin, Natascha@f1945-)@4著
702  0 @a庄亦男@9zhuang yi nan@4译
801  0 @aCN@c20250911
905    @a河南城建学院图书馆@dI516.55@eW705@ZW705@f1
    
    娜斯佳的眼泪=Nastjas Tranen/(德)娜塔莎·沃丁(Natascha Wodin)著/庄亦男译.-北京:新星出版社,2024.07
    186页;21cm
    娜塔莎·沃丁作品系列
    
    ISBN 978-7-5133-5650-3(精装):CNY52.00
    本书作者聚焦于一位来德的乌克兰女性,串联起无数东欧人在20世纪90年代前后的遭遇,讲述截然不同的两个世界缝隙与时代转折下,一个人的破碎与一代人的四散流离。
●
相关链接 在E读中查询图书 在当当中查询图书 在豆瓣中查询图书


正题名:娜斯佳的眼泪     索取号:I516.55/W705         预约/预借

序号 登录号 条形码 馆藏地/架位号 状态 备注
1 1636449   216364495   文学库116/116文学库 18排1列2层/ [索取号:I516.55/W705] 在馆    
河南城建学院图书馆 欢迎您!
大连网信软件有限公司© 版权所有